000 01204cam a2200301 i 4500
999 _c4802
_d4802
001 1748952
003 GZU
005 20210324093233.0
008 750703s1975 enk 000 1 eng
010 _a 75317699
020 _a0002621037 :
_c£2.95
040 _aDLC
_cDLC
_dDLC
041 1 _aeng
_hrus
050 0 0 _aPG3476
_bCo3
_aPG3476.B78
082 0 0 _a891.7/3/42
100 1 _aBulgakov, Mikhail,
_d1891-1940.
245 1 2 _aA country doctor's notebook /
_cMikhail Bulgakov ; translated from the Russian by Michael Glenny.
260 _aLondon :
_bCollins,
_c1975.
300 _a158 p. ;
_c22 cm.
500 _aSeveral of these stories were originally published in Russian under title: Zapiski i︠u︡nogo vracha.
505 0 _aThe embroidered towel.--The steel windpipe.--Black as Egypt's night.--Baptism by rotation.--The speckled rash.--The blizzard.--The vanishing eye.--Morphine.--The murderer.
600 1 0 _aBulgakov, Mikhail,
_d1891-1940
_vTranslations into English.
650 0 _aCountry life
_zRussia
_vFiction.
651 0 _aRussia
_xSocial life and customs
_vFiction.
906 _a7
_bcbc
_corignew
_d3
_encip
_f19
_gy-gencatlg
942 _2lcc
_cBK
_h3476
_iPG
_kBUL
_m1975